| 000 | 00684nam a22001937a 4500 | ||
|---|---|---|---|
| 999 |
_c179751 _d179751 |
||
| 005 | 20210716101003.0 | ||
| 010 | _aB-740583 | ||
| 020 |
_a9788176502252 _c495.00 |
||
| 035 | _aB-740583 | ||
| 037 | _bGift | ||
| 082 | _a423.8 | ||
| 245 |
_aEnglish-Pushto, Pushto-English combined dictionary / _ccompiled and edited by Henry Walter Bellew |
||
| 260 |
_aNew Delhi _bStar Publications _c2010 |
||
| 270 |
_a4/58, Asaf Ali Road _bNew Delhi _e110002 |
||
| 300 |
_a361p. _c22cm(Hb) |
||
| 700 | _aBellew, Henry Walter | ||
| 942 |
_2ddc _cRF _h423.8 _mENG |
||